Unique country not sharing any letters with another Country - Statistics

General Stats
  • This quiz has been taken 68 times
  • The average score is 14 of 29
Answer Stats
COUNTRY A COUNTRY B % Correct
Serbia Togo
71%
Israel Togo
69%
Syria Togo
69%
Ukraine Togo
69%
Cameroon Fiji
67%
Maldives Togo
65%
Ecuador Fiji
63%
Suriname Togo
63%
Netherlands Fiji
62%
El Salvador Fiji
60%
North Korea Fiji
60%
Algeria Kosovo
58%
South Korea Fiji
56%
Argentina Kosovo
54%
Austria Yemen
48%
Eritrea Kosovo
46%
Costa Rica Yemen
46%
Nigeria Kosovo
44%
Australia Yemen
44%
South Africa Yemen
44%
Burkina Faso Egypt
40%
Central African Republic Kosovo
38%
Guinea-Bissau Morocco
38%
San Marino Egypt
37%
United States Morocco
33%
Saint Kitts and Nevis Morocco
31%
Uzbekistan Morocco
29%
Vietnam Cyprus
25%
Trinidad and Tobago Seychelles
17%
No matching quizzes found
Score Distribution
Percent of People with Each Score
Percentile by Number Answered
Your Score History
You have not taken this quiz